000 00298nam a22001337a 4500
008 171016b xxu||||| |||| 00| 0 eng d
020 _a9780073137520
041 _aeng
080 _23RD
_a33
100 _a52
101 _aEKO
245 _aISSUES IN ECONOMICS TODAY
_cGUELL,R.C
942 _2udc
_cBK
999 _c34131
_d34131